ARRUPE JESUIT UNIVERSITY

CORONAVIRUS -STOP THE SPREAD - CLEAN,DISINFECT,COVER

The Universal Declaration of Human Rights : (Record no. 128119)

MARC details
000 -LEADER
fixed length control field 01205cam a2200277 a 4500
001 - CONTROL NUMBER
control field 727831
003 - CONTROL NUMBER IDENTIFIER
control field ARRUPE
005 - DATE AND TIME OF LATEST TRANSACTION
control field 20180906112815.0
008 - FIXED-LENGTH DATA ELEMENTS--GENERAL INFORMATION
fixed length control field 980818s1999 pau b 000 0 eng
010 ## - LIBRARY OF CONGRESS CONTROL NUMBER
LC control number 98041468
020 ## - INTERNATIONAL STANDARD BOOK NUMBER
International Standard Book Number 081223474X
040 ## - CATALOGING SOURCE
Original cataloging agency DLC
Transcribing agency DLC
Modifying agency DLC
050 00 - LIBRARY OF CONGRESS CALL NUMBER
Classification number K3238.31948
Item number .M67 1999
082 00 - DEWEY DECIMAL CLASSIFICATION NUMBER
Classification number 341.4/81/09
Edition number 21
300 ## - PHYSICAL DESCRIPTION
Dimensions 26 cm.
100 1# - MAIN ENTRY--PERSONAL NAME
Personal name Morsink, Johannes.
9 (RLIN) 42037
245 14 - TITLE STATEMENT
Title The Universal Declaration of Human Rights :
Remainder of title origins, drafting, and intent /
Statement of responsibility, etc Johannes Morsink.
260 ## - PUBLICATION, DISTRIBUTION, ETC. (IMPRINT)
Place of publication, distribution, etc Philadelphia :
Name of publisher, distributor, etc University of Pennsylvania Press,
Date of publication, distribution, etc c1999.
300 ## - PHYSICAL DESCRIPTION
Extent xiv, 378 p. ;
440 #0 - SERIES STATEMENT/ADDED ENTRY--TITLE
Title Pennsylvania studies in human rights
9 (RLIN) 19012
504 ## - BIBLIOGRAPHY, ETC. NOTE
Bibliography, etc Includes bibliographical references (p. [337]-378).
610 20 - SUBJECT ADDED ENTRY--CORPORATE NAME
Corporate name or jurisdiction name as entry element United Nations.
Subordinate unit General Assembly.
Title of a work Universal Declaration of Human Rights
General subdivision History.
9 (RLIN) 42038
650 #0 - SUBJECT ADDED ENTRY--TOPICAL TERM
Topical term or geographic name as entry element Human rights
General subdivision History
Chronological subdivision 20th century.
9 (RLIN) 42039
906 ## - LOCAL DATA ELEMENT F, LDF (RLIN)
a 7
b cbc
c orignew
d 1
e ocip
f 19
g y-gencatlg
942 ## - ADDED ENTRY ELEMENTS (KOHA)
Source of classification or shelving scheme Library of Congress Classification
Koha item type Monograph ( Printed materials)
Holdings
Withdrawn status Lost status Source of classification or shelving scheme Damaged status Not for loan Collection code Home library Current library Shelving location Date acquired Total Checkouts Full call number Barcode Date last seen Price effective from Koha item type
    Library of Congress Classification     Main Collection ARRUPE LIBRARY ARRUPE LIBRARY Main Collection 06/09/2018   K3238.31948 .M67 1999 46600002229 06/09/2018 06/09/2018 Monograph ( Printed materials)

 

Arrupe Library. PO Box MP320 Mt Pleasant, Harare, Zimbabwe
263 242 745411|librarian@aju.ac.zw